| 000 | 03380naa a2200361Ia 4500 | ||
|---|---|---|---|
| 003 | OSt | ||
| 005 | 20260416151927.0 | ||
| 007 | a | ||
| 008 | 260416s2017 xx 000 0 und d | ||
| 040 |
_aFoundation University _bEng _cFoundation University _erda |
||
| 050 |
_aCBA (OprMgt-FS) LG 221 D35 B87 _bA5 B87 O64 2018 A95 |
||
| 099 | _a799 | ||
| 100 |
_aAvio, Rolly _91517 _eauthor. |
||
| 245 | 1 | 0 |
_aFeasibility study on the establishment of D'corner Bike Shop in South Poblacion, Valencia / _cby Rolly Avio, Anna Marie Igot, Elizabeth O. Rejano and John Noel I. Tindog |
| 264 |
_aDumaguete City : _bFoundation University ; _c2018. _42018. |
||
| 300 |
_ax, 168 leaves : _bill. (chiefly color) ; _c28 cm. _3volume _fresource |
||
| 336 |
_2rdacontent _atext _btxt |
||
| 337 |
_2rdamedia _aunmediated _bn |
||
| 338 |
_3rdacarrier _avolume _bnc |
||
| 502 | _eUndergraduate feasibility (BS in Administration Major in Operations Management) - - Foundation University, 2018. | ||
| 504 | _aIncludes bibliographical references and appendices. | ||
| 520 | _aABSTRACT ABSTRACT Feasibility Study on the Establishment of D'corner Bike Shop in South Title: Poublacion, Valencia, Negros Oriental. Avio, Rolly Author: Gabo, Anna Marie Igot, Juvet Rejano, Elizabeth Tindog, John Noel I. Bachelor of Science in Business Administration Major in Operation Management Course: And Marketing Management Foundation University School: School Address: Dr. Meciano Rd., Dumageute City, Province of Negros Oricntal. 2018- 2019 Year: The proposed business is about Establishment ofD' corner Bike Shop. The respondents the study are the residences of Valencia, Bacong, and Dumaguete City with a total number of respondents of three hundred ninety nine (399). In order for the researchers to gather necessary information and collect first hand data, a rescarch designed questionnaire was made to answer the problem and reach the proposed business objectives. To determine the feasibility of establishing the proposed business is the main objective of this study. Definitely, it aims to contemplate the functional arcas of the business such as management, marketing, technical, socio-cconomic and whether financials are visible and workable. The garnered results established that there is the presence of demand as illustrated in the marketing aspects. On the hand, job analysis is developed under the management aspects. All cquipment and supplies are determined in the technical aspects. Lastly, the projections of financial aspects are as well favorable for the business with approximately 5 years on retum of investment. | ||
| 650 |
_aFeasibility studies _zPhilippines. _zValencia (Negros Oriental) _91518 |
||
| 650 |
_aBicycle industry _zPhilippines. _zValencia (Negros Oriental) _915506 |
||
| 650 |
_aSmall business _zPhilippines. _zValencia (Negros Oriental) _915505 |
||
| 650 |
_aRetail trade _915504 _zPhilippines _zValencia (Negros Oriental) |
||
| 658 |
_aProject Feasibility Study : _bAdministration Major in Operations Management, Bachelor of Science in ; _cFSB301. |
||
| 700 | 1 |
_aGabo, Anna Marie _eco-author _915522 |
|
| 700 | 1 |
_aIgot, Juvet _eco-author _915525 |
|
| 700 | 1 |
_aRejano, Elizabeth O. _915526 |
|
| 700 | 1 |
_aTindog, John Noel. _915527 |
|
| 942 |
_2lcc _cFS _hLG 221 D35 B87 _iA5 B87 O64 2018 A95 _kCBA (OprMgt-FS) _n0 |
||
| 999 |
_c5751 _d5751 |
||